2016 Oscar Winners - Statistics

General Stats
  • This quiz has been taken 135 times
  • The average score is 12 of 23
Answer Stats
Category Winner Hint % Correct
Best Actor Leonardo DiCaprio Movie: The Revenant
98%
Best Picture Spotlight Lead Actor: Mark Ruffalo
91%
Best Original Screenplay Spotlight Writers: Tom McCarthy and Josh Singer
91%
Best Actress Brie Larson Movie: Room
81%
Best Supporting Actor Mark Rylance Movie: The Bridge of Spies
67%
Best Supporting Actress Alicia Vikander Movie: The Danish Girl
64%
Best Cinematography The Revenant Cinematographer: Emmanuel Lubezki
63%
Best Costume Design Mad Max: Fury Road Designer: Jenny Beaven
55%
Best Sound Mixing Mad Max: Fury Road Sound Mixer: Gregg Rudloff
55%
Best Film Editing Mad Max: Fury Road Editor: Margaret Sixel
55%
Best Production Design Mad Max: Fury Road Designer: Lisa Thompson
55%
Best Sound Editing Mad Max: Fury Road Editor: David White
55%
Best Makeup and Hair Mad Max: Fury Road Stylist: Damien Martin
55%
Best Animated Film Inside Out Lead Actress: Amy Poehler
52%
Best Documentary Amy Lead Actress: Amy Winehouse
49%
Best Original Score The Hateful Eight Composer: Ennio Morricone
45%
Best Director Alejandro González Iñárritu Movie: The Revenant
44%
Best Original Song Writing's On The Wall Artist: Sam Smith
41%
Best Visual Effects Ex Machina Andrew Whitehurst
34%
Best Adapted Screenplay The Big Short Book Author: Michael Lewis
31%
Best Foreign Film Son of Saul Lead Actor: Géza Röhrig
25%
Best Animated Short Bear Story Director: Gabriel Vargas
8%
Best Short Film Stutterer Lead Actor: Matthew Needham
4%
No matching quizzes found
Score Distribution
Percent of People with Each Score
Percentile by Number Answered
Your Score History
You have not taken this quiz